000 00744nam a2200253Ia 4500
003 GCL
008 140319s9999 xx 000 0 ara d
040 _aGCL /
_cGCL
082 0 4 _a531.6
_bم ط
100 1 _aعلى جمعات الشكيل
245 1 0 _aالطاقة المتجدده /
_cعلى جمعات الشكيل
700 1 _aمحمد رأفت اسماعيل
300 _a173 ص
490 _a
650 0 4 _aالبترول
650 0 4 _aالطاقة الكهربائية
650 0 4 _aالبخار
650 0 4 _aالطاقة الذرية
650 0 4 _aالطاقة الشمسية
650 0 4 _aالطاقة النووية
650 0 4 _aمصادر الطاقة
650 0 4 _aالطاقة - اشكال
942 _2ddc
_cBK
999 _c39034
_d39034